000 00708nam a2200217 a 4500
999 _c9721
_d9721
001 97219721
003 BD-JhCC
005 20180322190720.0
008 180322s1965 bg |||| ||a| 000 0 b d
035 _a(BD-JhCC)9721
040 _aBD-JhCC
_dBD-JhCC
041 _aben
082 _a922.97
_bALI 1965
100 _aআলী, সৈয়দ মুর্তাজা
245 _aহযরত শাহ্‌ জালাল ও সিলেটের ইতিহাস /
_cসৈয়দ মুর্তাজা আলী
260 _aঢাকা:
_bবাংলা একাডেমী;
_c1965.
300 _a171 p. :
_c21 cm.
651 _aIslamic Legend
942 _2ddc
_cBK